| 000 | 00412nam a2200157Ia 4500 | ||
|---|---|---|---|
| 003 | OSt | ||
| 005 | 20241023105651.0 | ||
| 008 | 230312s9999||||xx |||||||||||||| ||und|| | ||
| 040 | _a123 | ||
| 082 |
_a657.0285 _bPER-A |
||
| 100 | _aperrin brian | ||
| 245 | 0 |
_aAccounting with MYOB 2015/ _bby Wendy Pabst, Brian Perrin |
|
| 260 |
_aAustralia : _bCengage Learning ; _c2016 |
||
| 650 | _aManagement | ||
| 942 |
_cBK _2ddc |
||
| 999 |
_c14693 _d14693 |
||